000 00601nam a2200205Ia 4500
005 20260429112000.0
008 260429s9999||||xx |||||||||||||| ||und||
020 _a9798886130621
041 _aEnglish
082 _a658.15
_bBAC
100 _aBacha, Obiyathulla Ismath
245 0 _aFinancial derivatives :
_bmarkets and applications /
_cObiyathulla Ismath Bacha
250 _a5th ed.
260 _aSingapore :
_bWorld Scientific Publishing,
_c2024.
300 _axix, 537 p.; pbk
650 _a Financial management
650 _aManagement
700 _a Sarajoti, Pattarake
942 _cTB
999 _c51735
_d51735